<?xml version="1.0" encoding="UTF-8"?>
<record
    xmlns:xsi="http://www.w3.org/2001/XMLSchema-instance"
    xsi:schemaLocation="http://www.loc.gov/MARC21/slim http://www.loc.gov/standards/marcxml/schema/MARC21slim.xsd"
    xmlns="http://www.loc.gov/MARC21/slim">

  <leader>00960nam a22002297a 4500</leader>
  <controlfield tag="003">BI-BuBU</controlfield>
  <controlfield tag="008">260504b2025    bd     fr|||| 000 0 fre d</controlfield>
  <datafield tag="037" ind1=" " ind2=" ">
    <subfield code="b">Don de l'auteur</subfield>
  </datafield>
  <datafield tag="039" ind1=" " ind2=" ">
    <subfield code="a">20260504075919.0</subfield>
    <subfield code="b">Thacien Mutabazi</subfield>
  </datafield>
  <datafield tag="040" ind1=" " ind2=" ">
    <subfield code="a">BI-BuBU</subfield>
    <subfield code="b">fre</subfield>
    <subfield code="c">BI-BuBU</subfield>
    <subfield code="d">BI-BuBU</subfield>
  </datafield>
  <datafield tag="041" ind1="0" ind2=" ">
    <subfield code="a">fre</subfield>
  </datafield>
  <datafield tag="080" ind1=" " ind2=" ">
    <subfield code="a">681.3</subfield>
  </datafield>
  <datafield tag="100" ind1="1" ind2=" ">
    <subfield code="4">aut.</subfield>
    <subfield code="a">Nkurikiye, Alexandre</subfield>
  </datafield>
  <datafield tag="245" ind1="1" ind2="0">
    <subfield code="a">Etude des techniques d'acc&#xE8;s multiples dans les syst&#xE8;mes de cinqui&#xE8;me g&#xE9;n&#xE9;ration </subfield>
    <subfield code="c">Alexandre Nkurikiye ; Rom&#xE9;o Nibitanga, directeur</subfield>
  </datafield>
  <datafield tag="260" ind1=" " ind2=" ">
    <subfield code="a">Bujumbura</subfield>
    <subfield code="b">Universit&#xE9; du Burundi, Facult&#xE9; des Sciences de l'Ing&#xE9;nieur</subfield>
    <subfield code="c">2025</subfield>
  </datafield>
  <datafield tag="300" ind1=" " ind2=" ">
    <subfield code="a">XV-67 f.</subfield>
    <subfield code="c">30 cm.</subfield>
  </datafield>
  <datafield tag="502" ind1=" " ind2=" ">
    <subfield code="a">M&#xE9;moire pr&#xE9;sent&#xE9; &#xE0; la Facult&#xE9; des Sciences de l'Ing&#xE9;nieur (FSI) en G&#xE9;nie des t&#xE9;l&#xE9;communications soutenu devant le jury.</subfield>
  </datafield>
  <datafield tag="650" ind1=" " ind2="7">
    <subfield code="2">BI-BuBU</subfield>
    <subfield code="a">Syst&#xE8;me de cinqui&#xE8;me g&#xE9;n&#xE9;ration </subfield>
    <subfield code="x">Technique d'acc&#xE8;s multiple</subfield>
  </datafield>
  <datafield tag="655" ind1=" " ind2="7">
    <subfield code="2">BI-BuBU</subfield>
    <subfield code="a">M&#xE9;moire</subfield>
  </datafield>
  <datafield tag="700" ind1="1" ind2=" ">
    <subfield code="4">dir.</subfield>
    <subfield code="a">Nibitanga, Rom&#xE9;o</subfield>
  </datafield>
  <datafield tag="942" ind1=" " ind2=" ">
    <subfield code="2">udc</subfield>
    <subfield code="c">MEM</subfield>
  </datafield>
  <datafield tag="999" ind1=" " ind2=" ">
    <subfield code="c">53824</subfield>
    <subfield code="d">53824</subfield>
  </datafield>
  <datafield tag="952" ind1=" " ind2=" ">
    <subfield code="0">0</subfield>
    <subfield code="1">0</subfield>
    <subfield code="2">udc</subfield>
    <subfield code="4">0</subfield>
    <subfield code="7">1</subfield>
    <subfield code="9">85670</subfield>
    <subfield code="a">BC</subfield>
    <subfield code="b">BC</subfield>
    <subfield code="d">2026-05-04</subfield>
    <subfield code="e">Don de l'auteur</subfield>
    <subfield code="l">0</subfield>
    <subfield code="o">681.3 NKU.</subfield>
    <subfield code="p">5010000483753</subfield>
    <subfield code="r">2026-05-04</subfield>
    <subfield code="t">1</subfield>
    <subfield code="w">2026-05-04</subfield>
    <subfield code="y">MEM</subfield>
  </datafield>
</record>
